000 00327 a2200145 4500
001 169225
020 _a
040 _cMagnum
100 _aArnold, Wilhelm
240 1 0 _aDicionario de psicologia - v.1 - a-e
_lESP
245 1 0 _aDicionario de psicologia - v.1 - a-e
362 0 _a1899
697 _aPSICOLOGIA
942 _cBK
999 _c169225
_d169225